| 000 | 00593nam a22001577a 4500 | ||
|---|---|---|---|
| 005 | 20120509121246.0 | ||
| 020 |
_a0074632108 _c00.00 |
||
| 035 | _aA-825945 | ||
| 037 |
_aDPL _bENG |
||
| 100 |
_aKohn, Meir _946736 |
||
| 245 |
_aFinancial institutions and markets / _cby Meir Kohn |
||
| 260 |
_aNew Delhi _bTata McGraw-Hill Publishing _c1996 |
||
| 300 |
_axxiii, 868p. _c28 cms. |
||
| 942 |
_2ddc _cEN _h332.10973 _mKOH |
||
| 999 |
_c66376 _d66376 |
||